[Event "50+ World Senior Team Championship"]
[Site "chess24.com"]
[Date "2017.04.28"]
[Round "5"]
[White "Dunn, Andrew"]
[Black "Sideris, Nikiforos"]
[Result "1-0"]
[Board "3"]
[WhiteElo "2190"]
[WhiteTitle "CM"]
[WhiteCountry "ENG"]
[WhiteFideId "401960"]
[WhiteEloChange "4"]
[BlackElo "1975"]
[BlackCountry "GRE"]
[BlackFideId "4204271"]
[BlackEloChange "-4"]

1. d4 {[%clk 1:30:30]} Nf6 {[%clk 1:30:30]} 2. Nf3 {[%clk 1:30:30]} e6 {[%clk
1:30:30]} 3. e3 {[%clk 1:30:30]} c5 {[%clk 1:30:30]} 4. Bd3 {[%clk 1:30:30]} Nc6
{[%clk 1:30:30]} 5. O-O {[%clk 1:30:30]} d5 {[%clk 1:30:30]} 6. c3 {[%clk
1:30:30]} Be7 {[%clk 1:30:30]} 7. Nbd2 {[%clk 1:30:30]} O-O {[%clk 1:30:30]} 8.
Qe2 {[%clk 1:30:30]} Qb6 {[%clk 1:30:30]} 9. dxc5 {[%clk 1:30:30]} Bxc5 {[%clk
1:30:30]} 10. e4 {[%clk 1:30:30]} dxe4 {[%clk 1:30:30]} 11. Nxe4 {[%clk 1:30:30]}
Nxe4 {[%clk 1:30:30]} 12. Qxe4 {[%clk 1:30:30]} f5 {[%clk 1:30:30]} 13. Qe2
{[%clk 1:30:30]} Be7 {[%clk 1:30:30]} 14. Re1 {[%clk 1:30:30]} Bf6 {[%clk
1:30:30]} 15. Bc4 {[%clk 1:30:30]} Kh8 {[%clk 1:30:30]} 16. Bg5 {[%clk 1:30:30]}
e5 {[%clk 1:30:30]} 17. Bxf6 {[%clk 1:30:30]} gxf6 {[%clk 1:30:30]} 18. Nh4
{[%clk 1:30:30]} e4 {[%clk 1:30:30]} 19. Qh5 {[%clk 1:30:30]} Ne5 {[%clk
1:30:30]} 20. Bb3 {[%clk 1:30:30]} Be6 {[%clk 1:30:30]} 21. Bxe6 {[%clk 1:30:30]}
Qxe6 {[%clk 1:30:30]} 22. Qxf5 {[%clk 1:30:30]} Qxf5 {[%clk 1:30:30]} 23. Nxf5
{[%clk 1:30:30]} Nd3 {[%clk 1:30:30]} 24. Rxe4 {[%clk 1:30:30]} Nxb2 {[%clk
1:30:30]} 25. Rb1 {[%clk 1:30:30]} Rfd8 {[%clk 1:30:30]} 26. Rd4 {[%clk 1:30:30]}
Rxd4 {[%clk 1:30:30]} 27. cxd4 {[%clk 1:30:30]} Rc8 {[%clk 1:30:30]} 28. g4
{[%clk 1:30:30]} Rc2 {[%clk 1:30:30]} 29. d5 {[%clk 1:30:30]} h5 {[%clk 1:30:30]}
30. d6 {[%clk 1:30:30]} Rd2 {[%clk 1:30:30]} 31. d7 {[%clk 1:30:30]} hxg4 {[%clk
1:30:30]} 32. d8Q+ {[%clk 1:30:30]} Rxd8 {[%clk 1:30:30]} 33. Rxb2 {[%clk
1:30:30]} b6 {[%clk 1:30:30]} 34. Rb4 {[%clk 1:30:30]} Rd5 {[%clk 1:30:30]} 35.
Rf4 {[%clk 1:30:30]} 1-0

[Event "50+ World Senior Team Championship"]
[Site "chess24.com"]
[Date "2017.04.28"]
[Round "5"]
[White "Wallner, Joachim"]
[Black "Burchardt, Brigitte"]
[Result "1/2-1/2"]
[Board "1"]
[WhiteElo "2313"]
[WhiteTitle "FM"]
[WhiteCountry "AUT"]
[WhiteFideId "1608720"]
[WhiteEloChange "-4"]
[BlackElo "2182"]
[BlackTitle "WIM"]
[BlackCountry "GER"]
[BlackFideId "4612213"]
[BlackEloChange "4"]

1. b3 {[%clk 1:30:53]} e5 {[%clk 1:30:55]} 2. Bb2 {[%clk 1:31:20]} Nc6 {[%clk
1:31:21]} 3. e3 {[%clk 1:31:47]} Nf6 {[%clk 1:31:14]} 4. Bb5 {[%clk 1:32:13]} Bd6
{[%clk 1:29:42]} 5. Na3 {[%clk 1:32:34]} Na5 {[%clk 1:30:07]} 6. Be2 {[%clk
1:33:00]} Be7 {[%clk 1:29:48]} 7. c4 {[%clk 1:33:03]} Nc6 {[%clk 1:29:51]} 8. Nc2
{[%clk 1:33:01]} O-O {[%clk 1:29:09]} 9. d3 {[%clk 1:31:53]} d5 {[%clk 1:26:06]}
10. Nf3 {[%clk 1:29:03]} e4 {[%clk 1:21:11]} 11. dxe4 {[%clk 1:28:16]} dxe4
{[%clk 1:19:46]} 12. Nfd4 {[%clk 1:24:45]} Nb4 {[%clk 1:13:19]} 13. O-O {[%clk
1:18:15]} c5 {[%clk 0:57:11]} 14. Nb5 {[%clk 1:18:42]} Qxd1 {[%clk 0:56:45]} 15.
Bxd1 {[%clk 1:19:08]} Nd3 {[%clk 0:56:54]} 16. Bc3 {[%clk 1:19:09]} Bd7 {[%clk
0:51:09]} 17. Ne1 {[%clk 1:12:44]} Nxe1 {[%clk 0:42:05]} 18. Rxe1 {[%clk
1:10:05]} Bc6 {[%clk 0:38:19]} 19. Be2 {[%clk 1:08:42]} a6 {[%clk 0:38:00]} 20.
Na3 {[%clk 1:08:46]} Rfd8 {[%clk 0:31:29]} 21. Red1 {[%clk 1:06:30]} Kf8 {[%clk
0:29:28]} 22. Kf1 {[%clk 1:05:08]} Rxd1+ {[%clk 0:28:08]} 23. Rxd1 {[%clk
1:03:47]} Rd8 {[%clk 0:28:22]} 24. Nb1 {[%clk 1:04:01]} Rxd1+ {[%clk 0:25:47]}
25. Bxd1 {[%clk 1:04:27]} Nd7 {[%clk 0:25:55]} 26. Bc2 {[%clk 1:03:32]} f5 {[%clk
0:24:47]} 27. Ke2 {[%clk 1:03:42]} Bd6 {[%clk 0:24:26]} 28. h3 {[%clk 1:03:20]}
Ne5 {[%clk 0:24:19]} 29. Nd2 {[%clk 1:02:01]} g6 {[%clk 0:21:07]} 30. f3 {[%clk
0:57:10]} exf3+ {[%clk 0:21:33]} 31. Nxf3 {[%clk 0:55:57]} Nxf3 {[%clk 0:21:50]}
32. gxf3 {[%clk 0:56:18]} 1/2-1/2

[Event "50+ World Senior Team Championship"]
[Site "chess24.com"]
[Date "2017.04.28"]
[Round "5"]
[White "Heyme, Sibylle"]
[Black "Ernst, Michael"]
[Result "1-0"]
[Board "4"]
[WhiteElo "2013"]
[WhiteCountry "GER"]
[WhiteFideId "4624084"]
[WhiteEloChange "14"]
[BlackElo "2141"]
[BlackCountry "AUT"]
[BlackFideId "1618393"]
[BlackEloChange "-14"]

1. Nf3 {[%clk 1:30:56]} Nf6 {[%clk 1:30:43]} 2. g3 {[%clk 1:31:02]} d5 {[%clk
1:31:09]} 3. Bg2 {[%clk 1:31:08]} e6 {[%clk 1:31:06]} 4. O-O {[%clk 1:30:41]} c5
{[%clk 1:31:27]} 5. d3 {[%clk 1:29:36]} Be7 {[%clk 1:31:04]} 6. Nbd2 {[%clk
1:29:20]} Nc6 {[%clk 1:30:57]} 7. e4 {[%clk 1:29:02]} O-O {[%clk 1:31:13]} 8. c3
{[%clk 1:23:56]} b5 {[%clk 1:26:34]} 9. Re1 {[%clk 1:18:34]} a5 {[%clk 1:26:26]}
10. e5 {[%clk 1:10:29]} Nd7 {[%clk 1:25:43]} 11. Nf1 {[%clk 1:10:49]} Qc7 {[%clk
1:23:23]} 12. Bf4 {[%clk 1:10:17]} Ba6 {[%clk 1:20:40]} 13. h4 {[%clk 1:09:13]}
b4 {[%clk 1:20:56]} 14. N1h2 {[%clk 1:07:47]} bxc3 {[%clk 1:20:57]} 15. bxc3
{[%clk 1:08:06]} Rab8 {[%clk 1:21:19]} 16. Bf1 {[%clk 0:35:32]} Qb6 {[%clk
1:20:41]} 17. Ng5 {[%clk 0:34:42]} Bxg5 {[%clk 1:19:42]} 18. hxg5 {[%clk
0:34:47]} Qb2 {[%clk 1:04:22]} 19. Rc1 {[%clk 0:21:15]} Ne7 {[%clk 0:49:42]} 20.
Rc2 {[%clk 0:16:45]} Qa3 {[%clk 0:46:24]} 21. Qg4 {[%clk 0:16:30]} Qa4 {[%clk
0:44:08]} 22. Rd2 {[%clk 0:16:48]} Ng6 {[%clk 0:41:00]} 23. Bg2 {[%clk 0:15:34]}
Rb6 {[%clk 0:39:14]} 24. Qf3 {[%clk 0:14:35]} Rfb8 {[%clk 0:39:20]} 25. Ng4
{[%clk 0:14:56]} Rb1 {[%clk 0:36:52]} 26. Rxb1 {[%clk 0:15:16]} Rxb1+ {[%clk
0:37:17]} 27. Kh2 {[%clk 0:15:41]} Re1 {[%clk 0:36:58]} 28. d4 {[%clk 0:11:09]}
Re4 {[%clk 0:34:40]} 29. Be3 {[%clk 0:10:15]} Kf8 {[%clk 0:19:59]} 30. Kh3 {[%clk
0:08:47]} Qa3 {[%clk 0:16:12]} 31. Qd1 {[%clk 0:08:57]} Rxg4 {[%clk 0:15:24]} 32.
Qxg4 {[%clk 0:09:15]} Qxc3 {[%clk 0:15:37]} 33. dxc5 {[%clk 0:08:20]} Ngxe5
{[%clk 0:11:13]} 34. Qd4 {[%clk 0:08:03]} Qa3 {[%clk 0:11:10]} 35. Rc2 {[%clk
0:07:23]} Nc4 {[%clk 0:11:18]} 36. Rxc4 {[%clk 0:07:16]} Bxc4 {[%clk 0:11:27]}
37. c6 {[%clk 0:07:41]} Qd6 {[%clk 0:09:53]} 38. cxd7 {[%clk 0:07:54]} Qxd7
{[%clk 0:10:22]} 39. Qc5+ {[%clk 0:08:09]} Ke8 {[%clk 0:10:06]} 40. Qxa5 {[%clk
0:38:25]} f6 {[%clk 0:37:45]} 41. Kh2 {[%clk 0:33:49]} Kf7 {[%clk 0:37:20]} 42.
gxf6 {[%clk 0:32:04]} gxf6 {[%clk 0:37:19]} 43. Bf3 {[%clk 0:32:15]} Kg7 {[%clk
0:36:43]} 44. a3 {[%clk 0:31:46]} d4 {[%clk 0:36:33]} 45. Bd2 {[%clk 0:32:12]}
Bd3 {[%clk 0:34:49]} 46. Qa8 {[%clk 0:31:07]} f5 {[%clk 0:34:18]} 47. Bf4 {[%clk
0:30:57]} Bc2 {[%clk 0:31:58]} 48. Be5+ {[%clk 0:30:38]} Kf7 {[%clk 0:32:27]} 49.
Bh5+ {[%clk 0:30:59]} Ke7 {[%clk 0:32:56]} 50. Qh8 {[%clk 0:31:03]} Qc6 {[%clk
0:31:28]} 51. Qxh7+ {[%clk 0:30:54]} Kd8 {[%clk 0:31:57]} 52. Bxd4 {[%clk
0:30:42]} 1-0

[Event "50+ World Senior Team Championship"]
[Site "chess24.com"]
[Date "2017.04.29"]
[Round "6"]
[White "Ivanov, Sergey"]
[Black "Nunn, John D M"]
[Result "1-0"]
[Board "2"]
[WhiteElo "2530"]
[WhiteTitle "GM"]
[WhiteCountry "RUS"]
[WhiteFideId "4101375"]
[WhiteEloChange "6"]
[BlackElo "2600"]
[BlackTitle "GM"]
[BlackCountry "ENG"]
[BlackFideId "400017"]
[BlackEloChange "-6"]

1. d4 {[%clk 1:30:55]} Nf6 {[%clk 1:30:55]} 2. c4 {[%clk 1:31:18]} g6 {[%clk
1:31:20]} 3. Nc3 {[%clk 1:31:40]} Bg7 {[%clk 1:31:46]} 4. e4 {[%clk 1:32:02]} d6
{[%clk 1:32:11]} 5. Be2 {[%clk 1:32:21]} O-O {[%clk 1:32:34]} 6. Bg5 {[%clk
1:32:41]} Na6 {[%clk 1:32:25]} 7. Nf3 {[%clk 1:32:58]} h6 {[%clk 1:31:42]} 8. Bh4
{[%clk 1:33:16]} g5 {[%clk 1:30:34]} 9. Bg3 {[%clk 1:33:30]} Nh5 {[%clk 1:30:41]}
10. Qd2 {[%clk 1:33:13]} f5 {[%clk 1:22:39]} 11. exf5 {[%clk 1:32:12]} Bxf5
{[%clk 1:22:16]} 12. O-O {[%clk 1:31:26]} c6 {[%clk 1:18:58]} 13. Rad1 {[%clk
1:27:35]} Qd7 {[%clk 1:12:51]} 14. d5 {[%clk 1:17:57]} Nxg3 {[%clk 1:10:54]} 15.
hxg3 {[%clk 1:18:10]} c5 {[%clk 1:08:50]} 16. Bd3 {[%clk 1:16:16]} Nc7 {[%clk
1:05:15]} 17. Rfe1 {[%clk 1:15:02]} a6 {[%clk 1:01:20]} 18. Re2 {[%clk 1:09:51]}
e6 {[%clk 0:46:27]} 19. dxe6 {[%clk 1:05:33]} Bxe6 {[%clk 0:46:45]} 20. Rde1
{[%clk 1:04:26]} Rae8 {[%clk 0:36:53]} 21. Bg6 {[%clk 1:00:19]} Bf7 {[%clk
0:37:11]} 22. Bxf7+ {[%clk 0:58:13]} Rxf7 {[%clk 0:37:24]} 23. Rxe8+ {[%clk
0:50:50]} Nxe8 {[%clk 0:37:39]} 24. Nd5 {[%clk 0:50:54]} Nf6 {[%clk 0:33:36]} 25.
b3 {[%clk 0:49:54]} Nxd5 {[%clk 0:28:10]} 26. Qxd5 {[%clk 0:50:01]} Qc6 {[%clk
0:26:50]} 27. Qd3 {[%clk 0:47:15]} b5 {[%clk 0:21:56]} 28. Qg6 {[%clk 0:45:17]}
Qd7 {[%clk 0:10:49]} 29. Re6 {[%clk 0:44:18]} bxc4 {[%clk 0:10:26]} 30. Rxd6
{[%clk 0:42:09]} Qe7 {[%clk 0:10:24]} 31. bxc4 {[%clk 0:39:35]} g4 {[%clk
0:07:50]} 32. Re6 {[%clk 0:36:24]} Rf6 {[%clk 0:08:00]} 33. Rxf6 {[%clk 0:36:11]}
Qxf6 {[%clk 0:08:23]} 34. Qxf6 {[%clk 0:26:17]} Bxf6 {[%clk 0:08:42]} 35. Nh2
{[%clk 0:26:38]} h5 {[%clk 0:09:07]} 36. f3 {[%clk 0:26:57]} gxf3 {[%clk
0:08:32]} 37. gxf3 {[%clk 0:27:05]} Kf7 {[%clk 0:08:49]} 38. f4 {[%clk 0:24:53]}
Ke6 {[%clk 0:07:12]} 39. Kf2 {[%clk 0:25:04]} Bc3 {[%clk 0:06:43]} 40. Kf3 {[%clk
0:54:57]} Be1 {[%clk 0:36:54]} 41. Nf1 {[%clk 0:54:30]} Kf5 {[%clk 0:37:01]} 42.
Ne3+ {[%clk 0:54:37]} Ke6 {[%clk 0:37:19]} 43. Ng2 {[%clk 0:54:21]} Bc3 {[%clk
0:37:24]} 44. Ke4 {[%clk 0:53:31]} Kf6 {[%clk 0:37:41]} 45. Kf3 {[%clk 0:52:38]}
Ke6 {[%clk 0:37:50]} 46. g4 {[%clk 0:51:26]} hxg4+ {[%clk 0:38:07]} 47. Kxg4
{[%clk 0:51:50]} Kf6 {[%clk 0:31:43]} 48. Kf3 {[%clk 0:51:58]} Ke6 {[%clk
0:31:58]} 49. Ke4 {[%clk 0:52:12]} Bd2 {[%clk 0:31:30]} 50. Nh4 {[%clk 0:52:22]}
Be1 {[%clk 0:31:17]} 51. Nf3 {[%clk 0:52:33]} Bc3 {[%clk 0:31:26]} 52. Ng5+
{[%clk 0:52:45]} Kf6 {[%clk 0:31:31]} 53. Kd5 {[%clk 0:52:24]} Kf5 {[%clk
0:31:01]} 54. Ne4 {[%clk 0:52:40]} 1-0

[Event "50+ World Senior Team Championship"]
[Site "chess24.com"]
[Date "2017.04.29"]
[Round "6"]
[White "Maryasin, Boris"]
[Black "Movsziszian, Karen"]
[Result "1/2-1/2"]
[Board "3"]
[WhiteElo "2335"]
[WhiteTitle "IM"]
[WhiteCountry "ISR"]
[WhiteFideId "2801892"]
[WhiteEloChange "4"]
[BlackElo "2483"]
[BlackTitle "GM"]
[BlackCountry "ARM"]
[BlackFideId "13301152"]
[BlackEloChange "-2"]

1. e4 {[%clk 1:30:53]} g6 {[%clk 1:30:58]} 2. d4 {[%clk 1:31:04]} Bg7 {[%clk
1:31:27]} 3. Nc3 {[%clk 1:30:48]} d6 {[%clk 1:31:55]} 4. Be3 {[%clk 1:30:16]} a6
{[%clk 1:32:19]} 5. Qd2 {[%clk 1:30:00]} Nd7 {[%clk 1:32:44]} 6. h4 {[%clk
1:29:00]} h6 {[%clk 1:33:07]} 7. f4 {[%clk 1:25:18]} h5 {[%clk 1:32:56]} 8. Nf3
{[%clk 1:25:24]} Nh6 {[%clk 1:33:03]} 9. d5 {[%clk 1:23:47]} c5 {[%clk 1:31:54]}
10. dxc6 {[%clk 1:23:24]} bxc6 {[%clk 1:32:22]} 11. Bc4 {[%clk 1:23:27]} Ng4
{[%clk 1:21:57]} 12. Bg1 {[%clk 1:14:01]} O-O {[%clk 1:21:18]} 13. Ng5 {[%clk
1:14:01]} Qa5 {[%clk 1:15:06]} 14. Rh3 {[%clk 1:11:48]} Rb8 {[%clk 1:14:15]} 15.
O-O-O {[%clk 1:09:51]} Nc5 {[%clk 1:13:36]} 16. e5 {[%clk 1:02:38]} Qb4 {[%clk
1:09:14]} 17. b3 {[%clk 1:01:27]} d5 {[%clk 0:53:49]} 18. Nb1 {[%clk 0:53:36]}
Qxd2+ {[%clk 0:48:37]} 19. Nxd2 {[%clk 0:51:43]} Ne6 {[%clk 0:48:41]} 20. Nxe6
{[%clk 0:51:28]} fxe6 {[%clk 0:48:34]} 21. Bd3 {[%clk 0:51:09]} Rxf4 {[%clk
0:48:58]} 22. Bxg6 {[%clk 0:46:59]} Bxe5 {[%clk 0:45:41]} 23. Nf3 {[%clk
0:44:10]} Bg7 {[%clk 0:41:42]} 24. Bxh5 {[%clk 0:39:50]} e5 {[%clk 0:41:41]} 25.
Rg3 {[%clk 0:38:45]} Bd7 {[%clk 0:34:59]} 26. Bc5 {[%clk 0:37:28]} Kf8 {[%clk
0:23:53]} 27. Rf1 {[%clk 0:33:06]} Bh6 {[%clk 0:19:50]} 28. Kb2 {[%clk 0:32:01]}
Nf6 {[%clk 0:16:45]} 29. Bg6 {[%clk 0:31:53]} e4 {[%clk 0:16:23]} 30. Be3 {[%clk
0:27:35]} exf3 {[%clk 0:16:50]} 31. Rgxf3 {[%clk 0:23:24]} Rxh4 {[%clk 0:16:55]}
32. Bc5 {[%clk 0:22:59]} Kg7 {[%clk 0:09:19]} 33. Bxe7 {[%clk 0:23:04]} Ne4
{[%clk 0:09:08]} 34. Bxe4 {[%clk 0:15:43]} Rxe4 {[%clk 0:09:31]} 35. Bd6 {[%clk
0:16:03]} Rb7 {[%clk 0:09:09]} 36. Bf8+ {[%clk 0:16:12]} Kg8 {[%clk 0:08:25]} 37.
Bxh6 {[%clk 0:16:17]} Bg4 {[%clk 0:08:50]} 38. Rf6 {[%clk 0:13:52]} Re6 {[%clk
0:07:10]} 39. Rxe6 {[%clk 0:13:20]} Bxe6 {[%clk 0:07:39]} 40. Rf6 {[%clk
0:43:30]} Re7 {[%clk 0:36:00]} 41. Bf8 {[%clk 0:43:05]} Re8 {[%clk 0:35:16]} 42.
Bc5 {[%clk 0:43:20]} Kg7 {[%clk 0:34:37]} 43. Bd4 {[%clk 0:43:33]} Kg8 {[%clk
0:35:06]} 44. Kc3 {[%clk 0:43:34]} Bd7 {[%clk 0:35:23]} 45. Rd6 {[%clk 0:43:00]}
Re7 {[%clk 0:35:52]} 46. Bf6 {[%clk 0:43:03]} Rh7 {[%clk 0:36:09]} 47. Kd4 {[%clk
0:42:49]} Be8 {[%clk 0:36:38]} 48. Re6 {[%clk 0:42:23]} Bd7 {[%clk 0:34:02]} 49.
Re7 {[%clk 0:41:37]} Rxe7 {[%clk 0:34:27]} 50. Bxe7 {[%clk 0:42:02]} Kf7 {[%clk
0:34:42]} 51. Bh4 {[%clk 0:42:21]} Bf5 {[%clk 0:34:14]} 52. c3 {[%clk 0:40:33]}
Bb1 {[%clk 0:34:23]} 53. a3 {[%clk 0:39:15]} Bc2 {[%clk 0:34:26]} 54. b4 {[%clk
0:39:21]} Ke6 {[%clk 0:34:41]} 55. Kc5 {[%clk 0:39:08]} Ba4 {[%clk 0:34:18]} 56.
Kb6 {[%clk 0:38:31]} Bb5 {[%clk 0:34:46]} 57. Ka5 {[%clk 0:38:51]} Be2 {[%clk
0:34:09]} 58. g4 {[%clk 0:36:04]} Ke5 {[%clk 0:31:51]} 59. Bg3+ {[%clk 0:36:10]}
Kf6 {[%clk 0:32:00]} 60. Bf4 {[%clk 0:36:29]} Kg6 {[%clk 0:31:19]} 61. Be3 {[%clk
0:36:06]} Bd3 {[%clk 0:31:35]} 62. Kb6 {[%clk 0:36:06]} Bb5 {[%clk 0:31:35]} 63.
Bd2 {[%clk 0:28:07]} 1/2-1/2

[Event "50+ World Senior Team Championship"]
[Site "chess24.com"]
[Date "2017.04.29"]
[Round "6"]
[White "Zilberman, Yaacov"]
[Black "Pappas, Konstantinos"]
[Result "1/2-1/2"]
[Board "4"]
[WhiteElo "2430"]
[WhiteTitle "GM"]
[WhiteCountry "ISR"]
[WhiteFideId "2801612"]
[WhiteEloChange "-4"]
[BlackElo "1969"]
[BlackCountry "GRE"]
[BlackFideId "4203470"]
[BlackEloChange "8"]

1. d4 {[%clk 1:30:28]} Nf6 {[%clk 1:29:30]} 2. c4 {[%clk 1:30:27]} e6 {[%clk
1:29:21]} 3. Nc3 {[%clk 1:30:26]} Bb4 {[%clk 1:29:03]} 4. e3 {[%clk 1:30:38]} O-O
{[%clk 1:25:57]} 5. Ne2 {[%clk 1:28:49]} d5 {[%clk 1:22:35]} 6. a3 {[%clk
1:28:24]} Be7 {[%clk 1:22:34]} 7. cxd5 {[%clk 1:28:38]} exd5 {[%clk 1:22:33]} 8.
g3 {[%clk 1:28:23]} c6 {[%clk 1:21:33]} 9. Bg2 {[%clk 1:28:24]} Re8 {[%clk
1:20:42]} 10. O-O {[%clk 1:27:59]} Bf5 {[%clk 1:20:04]} 11. b3 {[%clk 1:21:30]}
Bd6 {[%clk 1:16:35]} 12. Ra2 {[%clk 1:17:48]} Nbd7 {[%clk 1:15:38]} 13. f3 {[%clk
1:17:30]} h5 {[%clk 1:15:23]} 14. Nf4 {[%clk 1:09:21]} Bxf4 {[%clk 1:13:16]} 15.
gxf4 {[%clk 1:08:28]} h4 {[%clk 1:12:54]} 16. h3 {[%clk 1:04:20]} Nf8 {[%clk
1:09:18]} 17. Re1 {[%clk 0:57:12]} Qd7 {[%clk 1:08:26]} 18. Kh2 {[%clk 0:55:53]}
Qc7 {[%clk 1:07:39]} 19. e4 {[%clk 0:54:34]} Bh7 {[%clk 1:04:26]} 20. Kh1 {[%clk
0:48:34]} Ne6 {[%clk 1:01:11]} 21. f5 {[%clk 0:39:34]} Nf4 {[%clk 1:00:51]} 22.
Bxf4 {[%clk 0:37:33]} Qxf4 {[%clk 1:01:10]} 23. Qc1 {[%clk 0:36:40]} Qxc1 {[%clk
0:57:53]} 24. Rxc1 {[%clk 0:37:02]} Rad8 {[%clk 0:57:47]} 25. Rd2 {[%clk
0:32:59]} Re7 {[%clk 0:54:46]} 26. Rcd1 {[%clk 0:30:00]} Nh5 {[%clk 0:52:28]} 27.
b4 {[%clk 0:27:24]} Ng3+ {[%clk 0:51:08]} 28. Kg1 {[%clk 0:26:40]} a6 {[%clk
0:51:10]} 29. Kf2 {[%clk 0:26:17]} f6 {[%clk 0:51:01]} 30. a4 {[%clk 0:24:38]}
Kf8 {[%clk 0:50:26]} 31. a5 {[%clk 0:23:05]} Bg8 {[%clk 0:50:05]} 32. Re1 {[%clk
0:21:07]} Rde8 {[%clk 0:49:26]} 33. Rc1 {[%clk 0:17:30]} Rd8 {[%clk 0:47:57]} 34.
Rb1 {[%clk 0:15:09]} Bf7 {[%clk 0:47:10]} 35. Re1 {[%clk 0:12:17]} Rde8 {[%clk
0:46:53]} 36. Rdd1 {[%clk 0:10:04]} Rd8 {[%clk 0:46:29]} 37. Rd2 {[%clk 0:08:46]}
Rde8 {[%clk 0:46:39]} 1/2-1/2

[Event "50+ World Senior Team Championship"]
[Site "chess24.com"]
[Date "2017.04.29"]
[Round "6"]
[White "Salonen, Jyrki"]
[Black "Jakel, Wolfgang"]
[Result "1/2-1/2"]
[Board "2"]
[WhiteElo "2174"]
[WhiteTitle "FM"]
[WhiteCountry "FIN"]
[WhiteFideId "500445"]
[WhiteEloChange "1"]
[BlackElo "2218"]
[BlackCountry "GER"]
[BlackFideId "4625676"]
[BlackEloChange "-1"]

1. e4 {[%clk 1:30:30]} e5 {[%clk 1:30:30]} 2. Bc4 {[%clk 1:30:30]} Nf6 {[%clk
1:30:30]} 3. d3 {[%clk 1:30:30]} c6 {[%clk 1:30:30]} 4. Nf3 {[%clk 1:30:30]} d5
{[%clk 1:30:30]} 5. Bb3 {[%clk 1:30:30]} Bd6 {[%clk 1:30:30]} 6. Nc3 {[%clk
1:30:30]} d4 {[%clk 1:30:30]} 7. Ne2 {[%clk 1:30:30]} Nbd7 {[%clk 1:30:30]} 8.
O-O {[%clk 1:30:30]} Nc5 {[%clk 1:30:30]} 9. Nexd4 {[%clk 1:30:30]} exd4 {[%clk
1:30:30]} 10. e5 {[%clk 1:30:30]} Nxb3 {[%clk 1:30:30]} 11. axb3 {[%clk 1:30:30]}
Be7 {[%clk 1:30:30]} 12. exf6 {[%clk 1:30:30]} Bxf6 {[%clk 1:30:30]} 13. Re1+
{[%clk 1:30:30]} Be6 {[%clk 1:30:30]} 14. Bf4 {[%clk 1:30:30]} O-O {[%clk
1:30:30]} 15. h3 {[%clk 1:30:30]} a6 {[%clk 1:30:30]} 16. Qd2 {[%clk 1:30:30]}
Re8 {[%clk 1:30:30]} 17. Bg5 {[%clk 1:30:30]} h6 {[%clk 1:30:30]} 18. Bxf6 {[%clk
1:30:30]} Qxf6 {[%clk 1:30:30]} 19. Qb4 {[%clk 1:30:30]} Bxh3 {[%clk 1:30:30]}
20. Qxb7 {[%clk 1:30:30]} Rac8 {[%clk 1:30:30]} 21. Rxa6 {[%clk 1:30:30]} Qg6
{[%clk 1:30:30]} 22. Rxe8+ {[%clk 1:30:30]} Rxe8 {[%clk 1:30:30]} 23. g3 {[%clk
1:30:30]} Re6 {[%clk 1:30:30]} 24. Ra8+ {[%clk 1:30:30]} Kh7 {[%clk 1:30:30]} 25.
Qb8 {[%clk 1:30:30]} Qf6 {[%clk 1:30:30]} 26. Qf4 {[%clk 1:30:30]} Qxf4 {[%clk
1:30:30]} 27. gxf4 {[%clk 1:30:30]} Rg6+ {[%clk 1:30:30]} 28. Kh2 {[%clk
1:30:30]} Be6 {[%clk 1:30:30]} 29. Nxd4 {[%clk 1:30:30]} Bd5 {[%clk 1:30:30]} 30.
c4 {[%clk 1:30:30]} c5 {[%clk 1:30:30]} 31. cxd5 {[%clk 1:30:30]} cxd4 {[%clk
1:30:30]} 32. Ra4 {[%clk 1:30:30]} Rb6 {[%clk 1:30:30]} 33. Rxd4 {[%clk 1:30:30]}
Rd6 {[%clk 1:30:30]} 34. f5 {[%clk 1:30:30]} Kg8 {[%clk 1:30:30]} 35. Kg3 {[%clk
1:30:30]} Kf8 {[%clk 1:30:30]} 36. Kf4 {[%clk 1:30:30]} Ke7 {[%clk 1:30:30]} 37.
Ke5 {[%clk 1:30:30]} Rb6 {[%clk 1:30:30]} 38. d6+ {[%clk 1:30:30]} Kd7 {[%clk
1:30:30]} 39. b4 {[%clk 1:30:30]} Rb5+ {[%clk 1:30:30]} 40. Ke4 {[%clk 1:30:30]}
Rb8 {[%clk 1:30:30]} 41. f6 {[%clk 1:30:30]} g6 {[%clk 1:30:30]} 42. f4 {[%clk
1:30:30]} Rb5 {[%clk 1:30:30]} 43. Rd5 {[%clk 1:30:30]} Rxb4+ {[%clk 1:30:30]}
44. Ke5 {[%clk 1:30:30]} Rxb2 {[%clk 1:30:30]} 45. Ra5 {[%clk 1:30:30]} Rb7
{[%clk 1:30:30]} 46. Kd5 {[%clk 1:30:30]} h5 {[%clk 1:30:30]} 47. Rc5 {[%clk
1:30:30]} Ra7 {[%clk 1:30:30]} 48. Rb5 {[%clk 1:30:30]} h4 {[%clk 1:30:30]} 49.
Rb8 {[%clk 1:30:30]} Ra5+ {[%clk 1:30:30]} 50. Ke4 {[%clk 1:30:30]} Rh5 {[%clk
1:30:30]} 51. Rb2 {[%clk 1:30:30]} h3 {[%clk 1:30:30]} 52. Rh2 {[%clk 1:30:30]}
Kxd6 {[%clk 1:30:30]} 53. Kf3 {[%clk 1:30:30]} Ke6 {[%clk 1:30:30]} 54. Kg4
{[%clk 1:30:30]} Kxf6 {[%clk 1:30:30]} 55. Rxh3 {[%clk 1:30:30]} Rxh3 {[%clk
1:30:30]} 56. Kxh3 {[%clk 1:30:30]} Kf5 {[%clk 1:30:30]} 57. Kg3 {[%clk 1:30:30]}
f6 {[%clk 1:30:30]} 58. Kf3 {[%clk 1:30:30]} 1/2-1/2

[Event "50+ World Senior Team Championship"]
[Site "chess24.com"]
[Date "2017.04.29"]
[Round "6"]
[White "Bergstrom, Rolf"]
[Black "Wallner, Joachim"]
[Result "1/2-1/2"]
[Board "1"]
[WhiteElo "2248"]
[WhiteTitle "FM"]
[WhiteCountry "SWE"]
[WhiteFideId "1702386"]
[WhiteEloChange "2"]
[BlackElo "2313"]
[BlackTitle "FM"]
[BlackCountry "AUT"]
[BlackFideId "1608720"]
[BlackEloChange "-2"]

1. e4 {[%clk 1:30:55]} Nf6 {[%clk 1:30:29]} 2. e5 {[%clk 1:31:13]} Nd5 {[%clk
1:30:57]} 3. c4 {[%clk 1:31:09]} Nb6 {[%clk 1:31:25]} 4. d4 {[%clk 1:31:13]} d6
{[%clk 1:31:53]} 5. exd6 {[%clk 1:31:31]} exd6 {[%clk 1:32:18]} 6. Nc3 {[%clk
1:30:37]} Be7 {[%clk 1:32:44]} 7. h3 {[%clk 1:30:55]} O-O {[%clk 1:32:13]} 8. Nf3
{[%clk 1:31:19]} Bf5 {[%clk 1:31:35]} 9. Be2 {[%clk 1:30:58]} Bf6 {[%clk
1:29:12]} 10. O-O {[%clk 1:30:52]} Nc6 {[%clk 1:29:01]} 11. Bf4 {[%clk 1:29:48]}
Re8 {[%clk 1:27:41]} 12. Rc1 {[%clk 1:29:14]} h6 {[%clk 1:15:34]} 13. b3 {[%clk
1:28:58]} a6 {[%clk 1:15:44]} 14. Qd2 {[%clk 1:28:28]} Qd7 {[%clk 1:10:12]} 15.
Rfd1 {[%clk 1:28:11]} Rad8 {[%clk 1:08:09]} 16. Bf1 {[%clk 1:27:04]} g5 {[%clk
1:03:32]} 17. Bg3 {[%clk 1:22:56]} Bg7 {[%clk 1:01:42]} 18. d5 {[%clk 1:11:54]}
Ne7 {[%clk 0:57:04]} 19. Nd4 {[%clk 1:10:57]} Bg6 {[%clk 0:56:11]} 20. Nce2
{[%clk 0:58:44]} Nf5 {[%clk 0:48:40]} 21. Nxf5 {[%clk 0:59:01]} Qxf5 {[%clk
0:48:55]} 22. Nd4 {[%clk 0:57:19]} Qf6 {[%clk 0:49:01]} 23. f3 {[%clk 0:56:33]}
Nd7 {[%clk 0:44:53]} 24. Bf2 {[%clk 0:56:43]} Ne5 {[%clk 0:38:27]} 25. Qb4 {[%clk
0:52:12]} b6 {[%clk 0:35:54]} 26. Qd2 {[%clk 0:52:35]} a5 {[%clk 0:33:40]} 27.
Re1 {[%clk 0:52:32]} Kf8 {[%clk 0:29:09]} 28. Rcd1 {[%clk 0:52:39]} Kg8 {[%clk
0:23:59]} 1/2-1/2